| 000 | 00673nam a2200241Ia 4500 | ||
|---|---|---|---|
| 003 | OSt | ||
| 005 | 20220918191545.0 | ||
| 006 | a|||||r|||| 00| 0 | ||
| 007 | ta | ||
| 008 | 220917b |||||||| |||| 00| 0 eng d | ||
| 024 | _a64,051 | ||
| 037 | _cTextual | ||
| 040 |
_aARTS _cARTS _beng |
||
| 041 |
_2eng _aeng |
||
| 082 | _aRz7, L0.3 | ||
| 100 |
_aKieffer Howard E ed _976614 |
||
| 245 | 0 | _aContemporary philosophy thought | |
| 260 |
_aAlbany _bState Univ Of New York Press _c1970 |
||
| 650 | _aPHILOSOPHY | ||
| 700 |
_a Munitz Milton K ed _976615 |
||
| 942 |
_hRz7, L0.3 _cTEXL _2CC |
||
| 999 |
_c190527 _d190527 |
||